| 000 -LEADER |
| fixed length control field |
00282nam a2200121Ia 4500 |
| 008 - FIXED-LENGTH DATA ELEMENTS--GENERAL INFORMATION |
| fixed length control field |
201214s9999 xx 000 0 und d |
| 100 ## - MAIN ENTRY--PERSONAL NAME |
| Personal name |
Martin, James |
| 245 #0 - TITLE STATEMENT |
| Title |
Telecommunications and The Computer |
| 260 ## - PUBLICATION, DISTRIBUTION, ETC. |
| Place of publication, distribution, etc. |
New Jersey |
|
| Name of publisher, distributor, etc. |
Prentice-Hall |
| 300 ## - PHYSICAL DESCRIPTION |
| Extent |
0 |
| 942 ## - ADDED ENTRY ELEMENTS (KOHA) |
| Koha item type |
Books |